[Event "Stuttgart-chB int"]
[Site "Ditzingen"]
[Date "2016.05.05"]
[Round "1"]
[White "Richter, Gerrit"]
[Black "Schuetz, Uwe"]
[Result "0-1"]
[WhiteElo "1561"]
[BlackElo "1726"]
[PlyCount "42"]
[EventDate "2016.05.05"]
[EventType "swiss"]
[EventRounds "7"]
[EventCountry "GER"]
[SourceTitle "EXT 2018"]
[Source "ChessBase"]
[SourceDate "2017.10.13"]
[SourceVersion "1"]
[SourceVersionDate "2017.10.13"]
[SourceQuality "1"]

1. e4 c5 2. Nf3 Nc6 3. d4 cxd4 4. Nxd4 a6 5. Nc3 e6 6. Be3 Be7 7. Qd2 Nf6 8. f3 Qc7 9. 0-0-0 d6 10. Kb1 Bd7 11. Be2 0-0 12. g4 b5 13. h4 b4 14. Na4 Nxd4 15. Qxd4 Bxa4 16. b3 Bb5 17. Bxb5 axb5 18. Qxb4 Rfc8 19. Rd2 Qb7 20. Bf4 e5 21. Bg5 d5 0-1

[Event "Stuttgart-chB int"]
[Site "Ditzingen"]
[Date "2016.05.05"]
[Round "2"]
[White "Schuetz, Uwe"]
[Black "Ackermann, Hermann"]
[Result "1-0"]
[WhiteElo "1726"]
[BlackElo "1885"]
[PlyCount "135"]
[EventDate "2016.05.05"]
[EventType "swiss"]
[EventRounds "7"]
[EventCountry "GER"]
[SourceTitle "EXT 2018"]
[Source "ChessBase"]
[SourceDate "2017.10.13"]
[SourceVersion "1"]
[SourceVersionDate "2017.10.13"]
[SourceQuality "1"]

1. d4 Nf6 2. g3 e6 3. Bg2 d5 4. Nf3 Be7 5. 0-0 0-0 6. Nbd2 Nbd7 7. c4 c6 8. Qc2 dxc4 9. Nxc4 Nb6 10. Nce5 Nfd7 11. Rd1 Qe8 12. e4 f6 13. Nd3 Qf7 14. Be3 Re8 15. Nc5 Nf8 16. Ne1 f5 17. Ned3 fxe4 18. Bxe4 Nd5 19. Ne5 Qf6 20. Ncd3 Nxe3 21. fxe3 Qg5 22. Qf2 Bf6 23. h4 Qh6 24. Ng4 Qh5 25. Nxf6+ gxf6 26. Qxf6 Nd7 27. Qf3 Qxf3 28. Bxf3 e5 29. dxe5 Nxe5 30. Nxe5 Rxe5 31. Rd8+ Kf7 32. Bg4 Bxg4 33. Rxa8 Rxe3 34. Rf1+ Ke7 35. Kg2 Re2+ 36. Rf2 Bh3+ 37. Kg1 Re1+ 38. Kh2 Bg4 39. Rxa7 Kd6 40. Rxb7 h5 41. Rbf7 Be6 42. Rf1 Re2+ 43. R7f2 Re3 44. b3 Bg4 45. Rb2 Kc5 46. Rc1+ Kb5 47. b4 Bf3 48. Kg1 Bd5 49. Kh2 Re4 50. Rd1 Rxb4 51. Rdd2 Ka4 52. Rxb4+ Kxb4 53. Kg1 Ka3 54. Kf2 Bxa2 55. Ke3 c5 56. Kd3 Be6 57. Kc3 Ka4 58. Rd6 Bg4 59. Kc4 Ka3 60. Kxc5 Kb3 61. Kd4 Kc2 62. Ke3 Kc3 63. Rc6+ Kb4 64. Kf4 Kb5 65. Rg6 Bd1 66. g4 hxg4 67. Rxg4 Bxg4 68. Kxg4 1-0